<?xml version="1.0" encoding="UTF-8"?>
<record
    xmlns:xsi="http://www.w3.org/2001/XMLSchema-instance"
    xsi:schemaLocation="http://www.loc.gov/MARC21/slim http://www.loc.gov/standards/marcxml/schema/MARC21slim.xsd"
    xmlns="http://www.loc.gov/MARC21/slim">

  <leader>01032nam a22002657a 4500</leader>
  <controlfield tag="005">20170124102926.0</controlfield>
  <datafield tag="010" ind1=" " ind2=" ">
    <subfield code="a">B-076613</subfield>
  </datafield>
  <datafield tag="020" ind1=" " ind2=" ">
    <subfield code="c">140.00</subfield>
  </datafield>
  <datafield tag="035" ind1=" " ind2=" ">
    <subfield code="a">B-076613</subfield>
  </datafield>
  <datafield tag="037" ind1=" " ind2=" ">
    <subfield code="b">Cen Lib/Ret</subfield>
  </datafield>
  <datafield tag="040" ind1=" " ind2=" ">
    <subfield code="a">DPL</subfield>
    <subfield code="b">HN</subfield>
  </datafield>
  <datafield tag="082" ind1=" " ind2=" ">
    <subfield code="a">320</subfield>
    <subfield code="b">&#x936;&#x94D;&#x92F;&#x93E;&#x92E;&#x938;&#x941; </subfield>
  </datafield>
  <datafield tag="100" ind1=" " ind2=" ">
    <subfield code="a">&#x936;&#x94D;&#x92F;&#x93E;&#x92E;&#x938;&#x941;&#x928;&#x94D;&#x926;&#x930;&#x92E; </subfield>
    <subfield code="9">43663</subfield>
  </datafield>
  <datafield tag="245" ind1=" " ind2=" ">
    <subfield code="a">&#x930;&#x93E;&#x91C;&#x928;&#x93F;&#x924;&#x93F;&#x915; &#x935;&#x93F;&#x91C;&#x94D;&#x91E;&#x93E;&#x928; /</subfield>
    <subfield code="c">&#x936;&#x94D;&#x92F;&#x93E;&#x92E;&#x938;&#x941;&#x928;&#x94D;&#x926;&#x930;&#x92E; </subfield>
  </datafield>
  <datafield tag="246" ind1=" " ind2=" ">
    <subfield code="a">Rajnitik vigyan /</subfield>
    <subfield code="b">by Shyamsundaram </subfield>
  </datafield>
  <datafield tag="250" ind1=" " ind2=" ">
    <subfield code="a">4th ed</subfield>
  </datafield>
  <datafield tag="260" ind1=" " ind2=" ">
    <subfield code="a">&#x906;&#x917;&#x930;&#x93E; </subfield>
    <subfield code="b">&#x930;&#x93E;&#x92E; &#x92A;&#x94D;&#x930;&#x938;&#x93E;&#x926; &#x90F;&#x902;&#x921; &#x938;&#x902;&#x938; </subfield>
    <subfield code="c">2002</subfield>
  </datafield>
  <datafield tag="270" ind1=" " ind2=" ">
    <subfield code="a">&#x905;&#x938;&#x94D;&#x92A;&#x924;&#x93E;&#x932; &#x930;&#x94B;&#x921; </subfield>
    <subfield code="b">&#x905;&#x917;&#x930; </subfield>
  </datafield>
  <datafield tag="300" ind1=" " ind2=" ">
    <subfield code="a">vi, 196&#x92A;&#x943;. </subfield>
    <subfield code="c">23&#x938;&#x947;&#x92E;&#x940;(&#x938;&#x91C;&#x93F;&#x932;&#x94D;&#x926;)</subfield>
  </datafield>
  <datafield tag="650" ind1=" " ind2=" ">
    <subfield code="a">&#x930;&#x93E;&#x91C;&#x928;&#x93F;&#x924;&#x93F;&#x915; &#x935;&#x93F;&#x91C;&#x94D;&#x91E;&#x93E;&#x928;</subfield>
    <subfield code="9">43664</subfield>
  </datafield>
  <datafield tag="650" ind1=" " ind2=" ">
    <subfield code="a">&#x905;&#x902;&#x924;&#x930;&#x94D;&#x930;&#x93E;&#x937;&#x94D;&#x91F;&#x94D;&#x930;&#x940;&#x92F; &#x938;&#x92E;&#x94D;&#x92C;&#x928;&#x94D;&#x927;</subfield>
    <subfield code="9">43665</subfield>
  </datafield>
  <datafield tag="650" ind1=" " ind2=" ">
    <subfield code="a">Political science</subfield>
    <subfield code="9">43666</subfield>
  </datafield>
  <datafield tag="650" ind1=" " ind2=" ">
    <subfield code="a">International relations</subfield>
    <subfield code="9">43667</subfield>
  </datafield>
  <datafield tag="942" ind1=" " ind2=" ">
    <subfield code="2">ddc</subfield>
    <subfield code="c">HN</subfield>
    <subfield code="h">320</subfield>
    <subfield code="m">&#x936;&#x94D;&#x92F;&#x93E;&#x92E;&#x938;&#x941; </subfield>
  </datafield>
  <datafield tag="999" ind1=" " ind2=" ">
    <subfield code="c">111595</subfield>
    <subfield code="d">111595</subfield>
  </datafield>
  <datafield tag="952" ind1=" " ind2=" ">
    <subfield code="0">0</subfield>
    <subfield code="1">0</subfield>
    <subfield code="4">0</subfield>
    <subfield code="7">1</subfield>
    <subfield code="8">REF</subfield>
    <subfield code="a">L</subfield>
    <subfield code="b">L</subfield>
    <subfield code="d">2015-08-04</subfield>
    <subfield code="e">Cen Lib/Ret</subfield>
    <subfield code="g">140.00</subfield>
    <subfield code="l">0</subfield>
    <subfield code="o">320 &#x936;&#x94D;&#x92F;&#x93E;&#x92E;&#x938;&#x941;</subfield>
    <subfield code="p">B-076613</subfield>
    <subfield code="r">2015-08-04 00:00:00</subfield>
    <subfield code="t">1</subfield>
    <subfield code="v">140.00</subfield>
    <subfield code="w">2016-09-15</subfield>
    <subfield code="y">HN</subfield>
  </datafield>
</record>
